logo

Bir Sreshtho Munshi Abdur Rouf Library
Jhenaidah Cadet College

জুল ভার্নের রহস্যের দ্বীপ / (Record no. 1902)

MARC details
000 -LEADER
fixed length control field 00743nam a2200229 a 4500
001 - CONTROL NUMBER
JCCL Control Number 1902
003 - CONTROL NUMBER IDENTIFIER
JCCL marc code BD-JhCC
005 - DATE AND TIME OF LATEST TRANSACTION
control field 20200408134007.0
008 - FIXED-LENGTH DATA ELEMENTS--GENERAL INFORMATION
fixed length control field 171026s1979 bg ||||| |||| 00| 0 ben d
020 ## - INTERNATIONAL STANDARD BOOK NUMBER
International Standard Book Number 9844626390
035 ## - SYSTEM CONTROL NUMBER
system control number (BD-JhCC) 1902
040 ## - CATALOGING SOURCE
Original cataloging agency BD-JhCC
Modifying agency BD-JhCC
041 ## - LANGUAGE CODE
Language code of Book ben
082 ## - DEWEY DECIMAL CLASSIFICATION NUMBER
Classification number 843.8
Author mark and Year NOW 1979
100 ## - MAIN ENTRY--PERSONAL NAME
Personal name নওয়াব, শামসুদ্দীন
245 ## - TITLE STATEMENT
Title জুল ভার্নের রহস্যের দ্বীপ /
Statement of responsibility, etc শামসুদ্দীন নওয়াব
260 ## - PUBLICATION, DISTRIBUTION, ETC. (IMPRINT)
Place of publication, distribution, etc ঢাকা :
Name of publisher, distributor, etc প্রজাপতি প্রকাশনী,
Date of publication, distribution, etc 1979.
300 ## - PHYSICAL DESCRIPTION
Pagination 95 p. :
Dimensions 21 cm.
650 ## - SUBJECT ADDED ENTRY--TOPICAL TERM
Topical term or geographic name as entry element Castaways
General subdivision Fiction
Geographic subdivision Pacific ocean
942 ## - ADDED ENTRY ELEMENTS (KOHA)
Source of classification or shelving scheme Dewey Decimal Classification
Koha item type Books
Koha issues (borrowed), all copies 3
Holdings
Source of classification or shelving scheme Damaged status Not for loan Home library Current library Shelving location Date of accession Cost, normal purchase price Total Checkouts Full call number Barcode Date last seen Date checked out Copy number Koha item type
Dewey Decimal Classification     JCC Rouf Library JCC Rouf Library General Stacks 10/26/2017 120.00 2 843.8 NOW 1979 3381 04/19/2020 04/08/2020 C-1 Books

JCC Library | Contacts | JCC Home

Last Update on 23 September 2017
Copyright @ 2017-2020 JCC Rouf Library
Rouf Library, Jhenidah Cadet College (JCC), Bangladesh